Introducción a la política

সংরক্ষণ করুন:
গ্রন্থ-পঞ্জীর বিবরন
প্রধান লেখক: Duverger, Maurice
বিন্যাস: পাঠ‍্য
প্রকাশিত: Barcelona: Editorial Ariel
সংস্করন:5
ট্যাগগুলো: ট্যাগ যুক্ত করুন
কোনো ট্যাগ নেই, প্রথমজন হিসাবে ট্যাগ করুন!

MARC

LEADER 00000 a a2200000 04500
001 12563
003
040
020 |a 84-344-1777-4  
022 |a 84-344-1777-4  
090 |a 030100  
100 |a Duverger, Maurice  
245 |a Introducción a la política  
250 |a 5  
260 |a Barcelona:   |b Editorial Ariel  
300 |a 284 p.  
999 |c 14349  |d 14349